Optimization of Transport Networks (Record no. 2526)

MARC details
005 - DATE AND TIME OF LATEST TRANSACTION
control field 20250522140126.0
020 ## - INTERNATIONAL STANDARD BOOK NUMBER
International Standard Book Number 0 471 82098 9
082 ## - DEWEY DECIMAL CLASSIFICATION NUMBER
Classification number LECT 388.094 STE
100 ## - MAIN ENTRY--PERSONAL NAME
Author name STEENBRINK, P. A.
245 ## - TITLE STATEMENT
Title Optimization of Transport Networks
260 ## - PUBLICATION, DISTRIBUTION, ETC.
Place of publication, distribution, etc. London,
Name of publisher, distributor, etc. John Wiley & Sons,
Date of publication, distribution, etc. 1974.
300 ## - PHYSICAL DESCRIPTION
Extent xvi, 325p.: ill.; figure, table.
Other physical details Index.
Dimensions 23cm.
942 ## - ADDED ENTRY ELEMENTS (KOHA)
Source of classification or shelving scheme Dewey Decimal Classification
Koha item type Books
Holdings
Date last seen Total checkouts Full call number Barcode Cost, replacement price Price effective from Koha item type Lost status Source of classification or shelving scheme Damaged status Not for loan Withdrawn status Home library Current library Shelving location Date acquired Cost, normal purchase price
05/22/2025   LECT 388.094 STE 0000009490 30000.00 05/22/2025 Books   Dewey Decimal Classification       College of Business Education Main Library College of Business Education Main Library General Collection 08/04/1975 10000.00
05/26/2025   LECT 388.094 STE 0000009830 30000.00 05/26/2025 Books   Dewey Decimal Classification       College of Business Education Main Library College of Business Education Main Library General Collection 08/04/1975 10000.00